<?xml version="1.0" encoding="UTF-8"?>
<marc:record xmlns:marc="http://www.loc.gov/MARC21/slim">
   <marc:leader>00000nam a2200000 a 4500</marc:leader>
   <marc:datafield ind1="1" ind2=" " tag="100">
      <marc:subfield code="a">Glavinic, Thomas</marc:subfield>
      <marc:subfield code="4">aut</marc:subfield>
      <marc:subfield code="e">Verfasser/-in</marc:subfield>
   </marc:datafield>
   <marc:datafield ind1="0" ind2="0" tag="245">
      <marc:subfield code="a">Der Jonas-Komplex</marc:subfield>
   </marc:datafield>
   <marc:datafield ind1="0" ind2="0" tag="245">
      <marc:subfield code="b">Roman</marc:subfield>
   </marc:datafield>
   <marc:datafield ind1="0" ind2="0" tag="245">
      <marc:subfield code="c">Thomas Glavinic</marc:subfield>
   </marc:datafield>
   <marc:datafield ind1=" " ind2="1" tag="264">
      <marc:subfield code="a">Frankfurt am Main</marc:subfield>
      <marc:subfield code="b">Fischer</marc:subfield>
      <marc:subfield code="c">2016</marc:subfield>
   </marc:datafield>
   <marc:datafield ind1="1" ind2=" " tag="520">
      <marc:subfield code="a">Ein Jahr im Leben eines Wiener Schriftstellers, zwischen Drogen, Alkohol und Frauen. Ein Abenteuer, das Jonas und seine große Liebe Marie bis zum Südpol führen soll. Und ein dreizehnjähriger Junge, der leidenschaftlich Schach spielt, um seinem Alltag zu entfliehen. Dazu Nebenfiguren direkt aus der Wirklichkeit: Ein Anwalt der Hells Angels, ei WingTsun-Großmeister und eine Mörderin, die die Leichen ihrer Liebhaber mit einer Kettensäge zerlegt.</marc:subfield>
   </marc:datafield>
   <marc:datafield ind1=" " ind2=" " tag="020">
      <marc:subfield code="a">9783100024640</marc:subfield>
      <marc:subfield code="9">9783100024640</marc:subfield>
   </marc:datafield>
   <marc:datafield ind1=" " ind2=" " tag="020">
      <marc:subfield code="a">3100024648</marc:subfield>
      <marc:subfield code="9">3100024648</marc:subfield>
   </marc:datafield>
   <marc:datafield ind1=" " ind2=" " tag="300">
      <marc:subfield code="a">747 S.</marc:subfield>
   </marc:datafield>
</marc:record>
